Charles de Gaulle de sa naissance à 1910 - Statistiques

Statistiques générales
  • Ce quiz a été pris 31 fois
  • Le résultat moyen est 6 sur 15
Statistiques - réponses
Hint Réponse % Correct
Cette commune est située dans le département Nord
100%
Charles de Gaulle est né à Lille
96%
Il avait des frères mais combien ? 3
89%
de l'année 1890
86%
Il est né au mois de Novembre
71%
En 1908, il intègre une grande école laquelle ? Saint-Cyr
71%
Il a fait ses études secondaires à Paris
50%
Sa famille maternelle est originaire de l'ancienne province de Flandre
14%
Son père se prénommait Henri
14%
A sa sortie, il a choisi de servir dans l'arme de Infanterie
14%
Quel est son rang d'entrée (sur 221) 119
7%
Sa mère se prénommait Jeanne
7%
Cette école a donné son nom a la promotion sortie en 1972
4%
Il a été nommé dans un régiment tenant garnison à Arras
0%
Son plus ancien ancêtre connu se prénommait Richard
0%
Aucun quiz correspondant
Distribution des résultats
% des personnes avec chaque résultat
Percentile par nombre de réponses
Votre historique - résultats
Vous n’avez pas pris ce quiz